000
00308nam a2200133Ia 4500
005
20260328104250.0
008
260328s9999||||xx |||||||||||||| ||und||
100
_a
Kuper, Piter
245
0
_a
Diario de Nueva York /
_c
Piter Kuper
260
_b
Sexto Piso
300
_a
192 p.
650
_a
ARTE
942
_c
BK
999
_c
10229
_d
10229